LEADER 00946nam a2200241 i 4500 001 000000137296 003 CaOOAMICUS 005 20240416154059.0 008 050412s1954 it u000 u ita u 013 $a111069 040 $aSeMil$bita 100 1 $aCalvino, Italo,$d<1923-1985>.$0(OLS)http://semarc/name/3149 245 13$aIl sentiero dei nidi di ragno /$cItalo Calvino. 264 1$aTorino :$bGiulio Einaudi,$c1954. 300 $a199 p. ;$c17 cm. 490 0 $aPiccola biblioteca scientifico-letteraria ;$v63 830 0$aPiccola biblioteca scientifico-letteraria ;$v63.$0(OLS)http://semarc/title/5040 850 $aSeMil 852 $aSeMil$W1$xVenegono$y1$m1C I 203$j247649$B90847$CSeMilBibl$Z2$F95760 $81 961 $aOmaggio: Altro 996 $6245$aIl sentiero dei nidi di ragno$9(OLS)http://semarc/title/200599 996 $6264$aTorino :$bGiulio Einaudi$9(OLS)http://semarc/publisher/29810 LEADER 01045nam a2200241 i 4500 001 000000107900 003 CaOOAMICUS 005 20170213000000.0 008 170213s1834 it u000 u ita u 013 $a80424 040 $aSeMil$bita 100 1 $aCavazzi della Somaglia, Giovanni Luca.$0(OLS)http://semarc/name/92881 245 10$aCompendio della storia di Milano /$c[Gio. Luca Cavazzi della Somaglia]. 260 $aMilano :$bTipografia Pogliani,$c1834. 300 $a108 p., [21] c. di tav. :$britr., c. geneal. ;$c29 cm. 500 $aNome dell'A. dalla dedica. 600 34$aVisconti .$0(OLS)http://semarc/subject/44995 600 34$aSforza .$0(OLS)http://semarc/subject/44703 650 4$aMilano - Storia.$0(OLS)http://semarc/subject/766 850 $aSeMil 852 $aSeMil$W1$xVenegono$y1$m3O VI 1 FA$j63996$B63996$CSeMilBibl$Z2$F215932 $8I 996 $6245$aCompendio della storia di Milano$9(OLS)http://semarc/title/407297 996 $6260$aMilano :$bTipografia Pogliani$9(OLS)http://semarc/publisher/31457